Statistics for Click the Compass #1

Click here to take the quiz!

General Stats

  • This quiz has been taken 33,226 times
  • The average score is 18 of 25

Answer Stats

HintAnswer% Correct
_____ AfricaSouth
95%
_____ern LightsNorth
88%
_____ KoreaNorth
86%
_____ern IrelandNorth
86%
_____ TimorEast
85%
_____ ParkSouth
85%
The _____ FaceNorth
84%
_____minster AbbeyWest
84%
_____ Side StoryWest
83%
Clint _____woodEast
83%
_____ GermanyEast
83%
New _____ WalesSouth
83%
_________ AsiaSoutheast
81%
_____ IndiesWest
77%
_____er IslandEast
76%
_____ BankWest
71%
_____ DakotaSouth
67%
_____ern OrthodoxEast
66%
_____ern CyprusNorth
61%
_________ AirlinesSouthwest
59%
_________ PassageNorthwest
57%
North by _________Northwest
56%
Go _____West
54%
_________ ChinaNortheast
48%
_____ PoleSouth
45%

Score Distribution

Percentile by Number Answered

Percent of People with Each Score

Your Score History

You have not taken this quiz